000 00422nam a2200181Ia 4500
005 20241002014341.0
008 240331s9999 xx 000 0 und d
020 _a0415174759
082 _bALL
_a809
100 _aAllen, G
245 0 _aIntertextuality
260 _aLondon
_bRoutledge
_c2000
300 _aviii, 238 p .,
650 _aFeminist
650 _aPsychoanalytic
650 _aPostcolonialism
942 _cL
999 _c3117
_d3117